<?xml version="1.0" encoding="UTF-8"?>
<record
    xmlns:xsi="http://www.w3.org/2001/XMLSchema-instance"
    xsi:schemaLocation="http://www.loc.gov/MARC21/slim http://www.loc.gov/standards/marcxml/schema/MARC21slim.xsd"
    xmlns="http://www.loc.gov/MARC21/slim">

  <leader>02335nas a22003495i 4500</leader>
  <controlfield tag="001">1573-7640</controlfield>
  <controlfield tag="003">DE-He213</controlfield>
  <controlfield tag="005">20200203194250.0</controlfield>
  <controlfield tag="007">cr nn 008mamaa</controlfield>
  <controlfield tag="008">150723s||||||||xxuuu poo||||||   b|EN |d</controlfield>
  <datafield tag="022" ind1=" " ind2=" ">
    <subfield code="a">1573-7640</subfield>
  </datafield>
  <datafield tag="024" ind1="7" ind2=" ">
    <subfield code="a">10.1007/10766.1573-7640</subfield>
    <subfield code="2">doi</subfield>
  </datafield>
  <datafield tag="210" ind1="1" ind2="0">
    <subfield code="a">Int J Parallel Prog</subfield>
  </datafield>
  <datafield tag="245" ind1="1" ind2="0">
    <subfield code="a">International Journal of Parallel Programming</subfield>
    <subfield code="h">[electronic resource] /</subfield>
    <subfield code="c">edited by Alexandru Nicolau.</subfield>
  </datafield>
  <datafield tag="247" ind1="0" ind2="0">
    <subfield code="a">International journal of computer and information sciences</subfield>
  </datafield>
  <datafield tag="264" ind1=" " ind2="1">
    <subfield code="a">New York :</subfield>
    <subfield code="b">Springer US :</subfield>
    <subfield code="b">Imprint: Springer.</subfield>
  </datafield>
  <datafield tag="300" ind1=" " ind2=" ">
    <subfield code="b">online resource.</subfield>
  </datafield>
  <datafield tag="520" ind1=" " ind2=" ">
    <subfield code="a">International Journal of Parallel Programming, one of the oldest journals in the field, published continuously for over 25 years, is a forum for the publication of peer-reviewed, high-quality original papers in computer science, focusing specifically on parallel computing systems. Such systems are characterized by the coexistence over time of multiple coordinated activities. The journal publishes both original research and survey papers. Fields of interest include: embedded systems to high performance supercomputing,&#xA0; high-level languages, optimizations, parallel and distributed systems, programming support systems, pragmatic considerations, architectural characteristics, software engineering aspects, advances in parallel algorithms, performance studies, and application studies that significantly advance the state of the art.</subfield>
  </datafield>
  <datafield tag="650" ind1=" " ind2="0">
    <subfield code="a">Microprocessors.</subfield>
  </datafield>
  <datafield tag="650" ind1=" " ind2="0">
    <subfield code="a">Software engineering.</subfield>
  </datafield>
  <datafield tag="650" ind1=" " ind2="0">
    <subfield code="a">Computers.</subfield>
  </datafield>
  <datafield tag="650" ind1="1" ind2="4">
    <subfield code="a">Theory of Computation.</subfield>
    <subfield code="0">http://scigraph.springernature.com/things/product-market-codes/I16005</subfield>
  </datafield>
  <datafield tag="650" ind1="2" ind2="4">
    <subfield code="a">Processor Architectures.</subfield>
    <subfield code="0">http://scigraph.springernature.com/things/product-market-codes/I13014</subfield>
  </datafield>
  <datafield tag="650" ind1="2" ind2="4">
    <subfield code="a">Software Engineering/Programming and Operating Systems.</subfield>
    <subfield code="0">http://scigraph.springernature.com/things/product-market-codes/I14002</subfield>
  </datafield>
  <datafield tag="700" ind1="1" ind2=" ">
    <subfield code="a">Nicolau, Alexandru.</subfield>
    <subfield code="e">editor.</subfield>
    <subfield code="4">edt</subfield>
    <subfield code="4">http://id.loc.gov/vocabulary/relators/edt</subfield>
  </datafield>
  <datafield tag="710" ind1="2" ind2=" ">
    <subfield code="a">SpringerLink (Online service)</subfield>
  </datafield>
  <datafield tag="776" ind1="0" ind2="8">
    <subfield code="i">Printed version: </subfield>
    <subfield code="x">0885-7458</subfield>
  </datafield>
  <datafield tag="856" ind1="4" ind2="0">
    <subfield code="u">https://doi.org/10.1007/10766.1573-7640</subfield>
    <subfield code="z">Hybrid</subfield>
  </datafield>
  <datafield tag="999" ind1=" " ind2=" ">
    <subfield code="c">456688</subfield>
    <subfield code="d">456688</subfield>
  </datafield>
  <datafield tag="942" ind1=" " ind2=" ">
    <subfield code="c">EMG</subfield>
  </datafield>
</record>
